00542nam a2200157 i 4500001000300000100003100003245007700034260002100111040000800132041000800140942000700148008004100155999001700196856009800213952007300311bg1 aKącki, Edwardd(1925- ).10aRównania różniczkowe, cząstkowe w elektronice /cEdward Kącki. aWarszawa,c1971. cBPK apol cKS950505s1971 pl f |000 0 pol  c13881d13881 uhttp://koha.tu.koszalin.pl/cgi-bin/koha/opac-detail.pl?biblionumber=13881yKatalog online BPK 00104070aBPKbBPKcwo11442p01756012q2026-10-07s2022-10-17yKS